| 000 | 00562nam a2200205Ia 4500 | ||
|---|---|---|---|
| 005 | 20250507130314.0 | ||
| 008 | 008 250505s9999 xx 000 0 eng d | ||
| 037 | _aSeries Article | ||
| 040 |
_aEASL _beng _cEASL |
||
| 041 |
_aeng _2eng |
||
| 084 | _qEASL | ||
| 100 | _aAlden Chris | ||
| 245 | 0 | _aChina's exceptionalism and the challenges of delivering difference in Africa | |
| 260 |
_aLondon _bLondon Routledge _c2011 |
||
| 300 | _a21-38 pp. | ||
| 650 | _aChina | ||
| 700 | _aLarge Daniel | ||
| 942 | _cSRA | ||
| 999 |
_c1318888 _d1318888 |
||